zpět

Detail výsledku týmu

Klub Tyjátr, Svitavy

Datum a čas kvízu

27 Celkem bodů Celkový počet nahraných bodů na tomto kvízu bez doplňovacích otázek.
3. Pořadí na kvízu Konečné umístění týmu na tomto kvízu.

Zaznamenané odpovědi

# Otázka Odpověď Body Výsledky
1. Davová psychóza. To je podle p... Sokolov 0
2. Řečtí policisté předstoupili m... Pablo Picasso 0
3. U pražské Křižíkovy fontány bu... Ivan Král 0
4. Prodejce elektroniky Datart na... Batohy, ruksaky, tašky. 0
5. Bývalý český hokejový brankář... Petr Bříza 0
6. V tomto tématu se zaměříme na... Na Jávě. 0
7. Který stát Jihovýchodní Asie b... Thajsko 0
8. Který z těchto států nemá přís... B 0
9. Která ze zemí Jihovýchodní Asi... Kambodža 1
10. Na kterém asijském státě získa... Na Malajsii. 1